000 00970cam a2200265 a 4500
001 12297339
005 20260422134551.0
008 010202s2001 maua 001 0 eng
020 _a0072432640
_qpbk. ; alk. paper
020 _a9780072432640
_q(pbk. ; alk. paper)
050 0 0 _aPE1417
_b.B855 2002
082 0 0 _a808/.0427
_221
100 1 _aBuscemi, Santi V.
245 1 2 _aA reader for developing writers /
_cSanti V. Buscemi.
250 _a5th ed.
260 _aBoston, Mass. :
_bMcGraw-Hill College,
_cc2002.
300 _axxvii, 637 p. :
_bill. ;
_c24 cm.
500 _aIncludes index.
650 0 _aCollege readers.
650 0 _aEnglish language
_xRhetoric
_vProblems, exercises, etc.
650 0 _aReport writing
_vProblems, exercises, etc.
856 4 2 _3Publisher description
_uhttp://www.loc.gov/catdir/description/mh021/2001030149.html
856 4 1 _3Table of contents
_uhttp://www.loc.gov/catdir/toc/mh021/2001030149.html
942 _2lcc
_cBK
_e5th Ed.
_n0
999 _c9473
_d9473